Southville International School and Colleges
Your cart is empty.
  • Cart
  • Lists
    Public lists Eva Luna New books Lux_list list_1
    Your lists Log in to create your own lists
  • Log in to your account
  • Your cookies
  • Search history
Southville International School and Colleges
  • Advanced search
  • Recent comments
  • Most popular
  • Libraries

Log in to your account

Log in with GOOGLE


If you do not have an external account, but do have a local account, you can still log in:

  1. Home
  2. MARC view: Redeemed ambition :
Normal view MARC view ISBD view

Redeemed ambition : (Record no. 6824)

[ view plain ]
MARC details
000 -LEADER
fixed length control field 00607nam a22002177a 4500
003 - CONTROL NUMBER IDENTIFIER
control field OSt
005 - DATE AND TIME OF LATEST TRANSACTION
control field 20140310181917.0
008 - FIXED-LENGTH DATA ELEMENTS--GENERAL INFORMATION
fixed length control field 130717t xxu||||| |||| 00| 0 eng d
020 ## - INTERNATIONAL STANDARD BOOK NUMBER
International Standard Book Number 0802479197
050 ## - LIBRARY OF CONGRESS CALL NUMBER
Classification number BT 738.5
Item number .M444 1995
082 ## - DEWEY DECIMAL CLASSIFICATION NUMBER
Classification number TR 658.4
Item number M43 1995
100 ## - MAIN ENTRY--PERSONAL NAME
Personal name Mattson, Ralph
9 (RLIN) 1160
245 ## - TITLE STATEMENT
Title Redeemed ambition :
Remainder of title balancing the drive to suceed in your work /
Statement of responsibility, etc Ralph T. Mattson.
260 ## - PUBLICATION, DISTRIBUTION, ETC. (IMPRINT)
Place of publication, distribution, etc Chicago :
Name of publisher, distributor, etc Moody Press,
Date of publication, distribution, etc c1995.
300 ## - PHYSICAL DESCRIPTION
Extent 168 p. ;
Dimensions 23 cm.
521 ## - TARGET AUDIENCE NOTE
Target audience note
541 ## - IMMEDIATE SOURCE OF ACQUISITION NOTE
-- 1
562 ## - COPY AND VERSION IDENTIFICATION NOTE
Number of copies 1
650 ## - SUBJECT ADDED ENTRY--TOPICAL TERM
Topical term or geographic name as entry element Ambition.
9 (RLIN) 1161
942 ## - ADDED ENTRY ELEMENTS (KOHA)
Source of classification or shelving scheme Library of Congress Classification
Koha item type
Call number prefix
Holdings
Withdrawn status Lost status Source of classification or shelving scheme Damaged status Home library Current library Shelving location Date acquired Total Checkouts Full call number Barcode Date last seen Copy number Price effective from Koha item type
    Library of Congress Classification   Luxembourg Library Luxembourg Library Teachers Reference Section 07/17/2013   BT 738.5 .M444 1995 15682 08/13/2013 1 07/17/2013 Books

Redeemed ambition :

APA

Mattson R., . (1995). Redeemed ambition. Chicago: Moody Press.

Chicago

Mattson Ralph, . 1995. Redeemed ambition. Chicago: Moody Press.

Harvard

Mattson R., . (1995). Redeemed ambition. Chicago: Moody Press.

MLA

Mattson Ralph, . Redeemed ambition. Chicago: Moody Press. 1995.

  • Place hold
  • Print
  • Cite
  • Add to your cart (remove)
  • Save record
    BIBTEX Dublin Core MARCXML MARC (non-Unicode/MARC-8) MARC (Unicode/UTF-8) MARC (Unicode/UTF-8, Standard) MODS (XML) RIS
  • More searches
    Search for this title in:
    Other Libraries (WorldCat) Other Databases (Google Scholar) Online Stores (Bookfinder.com) Open Library (openlibrary.org)

Exporting to Dublin Core...

SOUTHVILLE LIBRARY

Southville International School and Colleges Library

1281 Tropical Ave. Cor. Luxembourg St., BF Homes International, Las Pinas City

Tel. No. 8256374 / 252358 Loc. 117/146

Powered by Koha